• 首页
  • 本馆介绍
  • 公告通知
  • 最新文献
  • 馆藏检索
  • 电子资源
  • 读者导购
  • 参考咨询
  • 我的图书馆
  • 登录
  • 详细信息显示
  • 放入我的书架
  • 预约/预借图书
  • 作者相关作品
  • 分类相关作品
  • 丛书相关作品
  • 出版社相关作品

书目信息

  • 表格格式
  • 工作单格式
  • 卡片格式
题名:
特种水产经济动物养殖学
    
 
作者: 李连业 , 宋维彦 主编
分册:  
出版信息: 济南   山东大学出版社  2000
页数: 283页
开本: 26cm
丛书名:
单 册:
中图分类: S96
科图分类:
主题词: 特种水产养殖--淡水养殖 , 特种水产养殖 , 淡水养殖
电子资源:
ISBN: 7-5607-2109-5
000 00907nam0 2200265 450
001 012007767077
005 20070516170101.62
010    @a7-5607-2109-5@dCNY24.80
100    @a20070427d2000 km y0chiy0120 ea
101 0  @achi
102    @aCN@b370000
105    @ay z 000yy
106    @ar
200 1  @a特种水产经济动物养殖学@Ate zhong shui chan jing ji dong wu yang zhi xue@f李连业,宋维彦主编@Fli lian ye,song wei yan zhu bian
210    @a济南@c山东大学出版社@d2000
215    @a283页@d26cm
330    @a本书所列的特种水产养殖动物有22种,分四大类,介绍了每种养殖对象的形态特征、生活习性,对其人工繁殖、苗种培育、成体养殖、运输等技术做了详细的论述。
606 0  @a特种水产养殖@x淡水养殖
606 0  @a特种水产养殖
606 0  @a淡水养殖
690    @aS96@v4
701  0 @a李连业@Ali lian ye@4主编
701  0 @a宋维彦@Asong wei yan@4主编
801  0 @aCN@bRULIN@c20070516
905    @dS96@e26@s1
    
    特种水产经济动物养殖学/李连业,宋维彦主编.-济南:山东大学出版社,2000
    283页;26cm
    
    
    ISBN 7-5607-2109-5:CNY24.80
    本书所列的特种水产养殖动物有22种,分四大类,介绍了每种养殖对象的形态特征、生活习性,对其人工繁殖、苗种培育、成体养殖、运输等技术做了详细的论述。
●
相关链接 在E读中查询图书 在五车中查询图书 在当当中查询图书 在豆瓣中查询图书


正题名:特种水产经济动物养殖学     索取号:S96/26         预约/预借

序号 登录号 条形码 馆藏地/架位号 状态 备注
1 0571547   205715476   第二样本阅览室/ [索取号:S96/26] 在馆    
唐山师范学院图书馆 欢迎您!
大连网信软件有限公司© 版权所有